Palmarès du Bayern Munich en LDC - Statistiques

Statistiques générales
  • Ce quiz a été pris 84 fois
  • Le résultat moyen est 5 sur 6
Statistiques - réponses
Nombre de victoire Année de victoire % Correct
6 2020
100%
5 2013
94%
4 2001
90%
1 1974
87%
2 1975
87%
3 1976
87%
Aucun quiz correspondant
Distribution des résultats
% des personnes avec chaque résultat
Percentile par nombre de réponses
Votre historique - résultats
Vous n’avez pas pris ce quiz